Strength of materials / (Record no. 64915)

MARC details
000 -LEADER
fixed length control field 01009nam a22002777a 4500
005 - DATE AND TIME OF LATEST TRANSACTION
control field 20130513145821.0
008 - FIXED-LENGTH DATA ELEMENTS--GENERAL INFORMATION
fixed length control field 120412t xxu||||| |||| 00| 0 eng d
010 ## - LCCN (DPL NO)
LC control number ENG-104974
020 ## - INTERNATIONAL STANDARD BOOK NUMBER
International Standard Book Number 9788120345225
Terms of availability 350.00
035 ## - SYSTEM CONTROL NUMBER
System control number EN-88507
035 ## - SYSTEM CONTROL NUMBER
System control number B-491965
037 ## - SOURCE OF ACQUISITION
Source of stock number/acquisition DBAD/PUB
037 ## - SOURCE OF ACQUISITION
Source of stock number/acquisition Researcho Books & Periodicals Pvt. Ltd./Ven
040 ## - CATALOGING SOURCE
Original cataloging agency DPL
Language of cataloging ENG
082 ## - DEWEY DECIMAL CLASSIFICATION NUMBER
Classification number 620.11
100 ## - MAIN ENTRY--PERSONAL NAME
Personal name Srivastava, A.K.
9 (RLIN) 44976
245 ## - TITLE STATEMENT
Title Strength of materials /
Statement of responsibility, etc by A.K. Srivastava [and] P.C. Gope
250 ## - EDITION STATEMENT
Edition statement 2nd ed
260 ## - PUBLICATION, DISTRIBUTION, ETC. (IMPRINT)
Place of publication, distribution, etc New Delhi
Name of publisher, distributor, etc PHI Learning
Date of publication, distribution, etc 2012
270 ## - ADDRESS
Address M-97, Connaught Circus
City New Delhi
Postal code 110001
300 ## - PHYSICAL DESCRIPTION
Extent xviii,394p. :
Dimensions 24cm(pbk)
Other physical details ill.
500 ## - GENERAL NOTE
General note Includes index
700 ## - ADDED ENTRY--PERSONAL NAME
Personal name Gope, P.C.
9 (RLIN) 44995
942 ## - ADDED ENTRY ELEMENTS (KOHA)
Source of classification or shelving scheme Dewey Decimal Classification
Item type English Books
Classification part 620.11
Call number suffix SRI
Holdings
Withdrawn status Lost status Source of classification or shelving scheme Damaged status Not for loan Collection code Home library Current library Date acquired Source of acquisition Cost, normal purchase price Total Checkouts Full call number Barcode Date last seen Copy number Cost, replacement price Koha item type Total Renewals
    Dewey Decimal Classification   Not For Loan Non-fiction D.B.Act.Division D.B.Act.Division 12/04/2012 DBAD/PUB 350.00   620.11 SRI EN-88507 12/04/2012 1 350.00 English Books  
    Dewey Decimal Classification     Non-fiction Sarojini Nagar Sarojini Nagar 13/05/2013 RBP/32825/12.1.13/27/18.12.12/21.1.13 350.00 5 620.11 SRI B-491965 16/06/2025 1 350.00 English Books 3

© Delhi Public Library
Hit Counter
free hit counter